Barbas, barbudos y barbudas / (Record no. 51079)
[ view plain ]
| 000 -LEADER | |
|---|---|
| campo de control de longitud fija | 00597nam a2200193 i 4500 |
| 001 - NÚMERO DE CONTROL | |
| campo de control | 51079 |
| 003 - IDENTIFICADOR DE NÚMERO DE CONTROL | |
| campo de control | ES-MaACL |
| 005 - FECHA Y HORA DE LA ÚLTIMA TRANSACCIÓN | |
| campo de control | 20230906162308.0 |
| 007 - CAMPO FIJO DE DESCRIPCIÓN FÍSICA--INFORMACIÓN GENERAL | |
| campo de control de longitud fija | t| |
| 008 - DATOS DE LONGITUD FIJA--INFORMACIÓN GENERAL | |
| campo de control de longitud fija | 030808s1972 sp ||||1| spa d |
| 080 ## - NÚMERO DE LA CLASIFICACIÓN DECIMAL UNIVERSAL | |
| Número de la Clasificación Decimal Universal | 821.134.2-4"19" |
| 100 1# - ENTRADA PRINCIPAL--NOMBRE DE PERSONA | |
| Nombre de persona | Chao Espina, Enrique. |
| 9 (RLIN) | 37996 |
| 245 10 - MENCIÓN DEL TÍTULO | |
| Título | Barbas, barbudos y barbudas / |
| Mención de responsabilidad, etc. | Enrique Chao Espina ; prólogo Evaristo Correa Calderón. |
| 250 ## - MENCION DE EDICION | |
| Mención de edición | [2ª ed. aum.]. |
| 260 ## - PUBLICACIÓN, DISTRIBUCIÓN, ETC. | |
| Lugar de publicación, distribución, etc. | [La Coruña : |
| Nombre del editor, distribuidor, etc. | s.n., |
| Fecha de publicación, distribución, etc. | 1972] |
| 300 ## - DESCRIPCIÓN FÍSICA | |
| Extensión | 131 p., 8 lám. : |
| Otras características físicas | il. ; |
| Dimensiones | 21 cm. |
| 700 1# - ENTRADA AGREGADA--NOMBRE PERSONAL | |
| Nombre de persona | Correa Calderón, Evaristo. |
| 9 (RLIN) | 40752 |
| 852 ## - LOCALIZACIÓN | |
| Ubicación | ES-MaACL |
| Número de control de estantería | A-6352 |
| Sublocalización o colección | R.95699 |
| Estatus retirado | Estado de pérdida | Estado de daño | No para préstamo | Biblioteca de origen | Biblioteca actual | Ubicación en estantería | Fecha de adquisición | Fuente de adquisición | Total de préstamos | Signatura topográfica completa | Código de barras | Visto por última vez | Precio de reemplazo | Tipo de ítem Koha |
|---|---|---|---|---|---|---|---|---|---|---|---|---|---|---|
| Biblioteca del Ateneo de Madrid | Biblioteca del Ateneo de Madrid | Sala Pecera Planta 1 | 17/01/2008 | A-6352 | 1053713 | 23/02/2023 | 23/02/2023 | Libro impreso |
